| 000 | 00473nam a2200205Ia 4500 | ||
|---|---|---|---|
| 003 | IT-RoPAU | ||
| 008 | 120407s9999 xx 000 0 und d | ||
| 040 | _aIT-RoPAU | ||
| 040 | _cIT-RoPAU | ||
| 041 | _aita | ||
| 100 | _aPhilippe de Segur | ||
| 245 | _aStoria di Napoleone e della grande armata nell’anno 1812. 2 v. | ||
| 260 | _aEdizioni Paoline | ||
| 260 | _c1962 | ||
| 300 | _c cm | ||
| 490 | _aMaestri 170- 171 | ||
| 490 | _v1 | ||
| 942 | _cBK | ||
| 999 |
_c294 _d294 |
||